000 00941nam0a22002651 4500
001 rc\4264907
005 20250611144151.0
021 _aRU
_bП1352-67
035 _a(NLR Aleph) 008239173
090 _a8266218
_c8266218
100 _a20130416d1967 |||y0rusy50 ca
101 0 _arus
102 _aRU
105 _ay ac |||||
200 1 _aОхрана труда
_eБиблиогр. указатель трудов ин-та. (1959-1966)
_fВЦСПС. Всесоюз. науч.-исслед. ин-т охраны труда в г. Ленинграде
210 _aЛенинград
_cБ. и.
_d1967
215 _a48 с.
_d21
225 1 _aНаучно-техническая информация
_v№ 35 (119)
700 1 _aБобылева
_bМ.И.
701 1 _aРаухваргер
_bЗ.О.
_gЗоя Осиповна
801 0 _aRU
_bNLR
_gpsbo
801 1 _aRU
_bELAR
_2rusmarc
852 _aNLR
_jП22/2367
942 _cBOOK
980 _aNB